Detective Conan - Giorgio Vanni - Testo Completo - Statistics

Statistiche generali
  • Questo quiz è stato fatto 108 volte
  • Il punteggio medio è 164 su 232
Statistiche sulle risposte
Risposta % Corretto
con
100%
Conan
97%
Conan,
97%
Detective
93%
detective
93%
la
92%
sa
88%
Ma
85%
occhiali
85%
83%
da
83%
gli
82%
per
82%
Per
82%
ce
81%
che
81%
Che
81%
è
81%
E
81%
È
81%
fa
81%
il
81%
non
81%
un
81%
caccia
79%
ai
78%
criminali
78%
oh-oh
78%
super
78%
(Woah-oh
78%
woah-oh
78%
woah-oh)
78%
Ogni
75%
più
74%
lui
72%
uno
71%
mai
69%
mistero
69%
si
69%
verità
69%
dal
68%
po'
68%
Solo
68%
chi
67%
sbaglio
67%
commette
65%
segreto
65%
bersaglio
63%
dove
63%
falso
63%
sua
63%
abilità
61%
ancora
61%
andare
61%
Distingue
61%
sempre
61%
suo
61%
svelerà,
61%
vero
61%
cercare
60%
identità
60%
poi
60%
vera
60%
vinto,
60%
vinto
60%
cosa
58%
centra
57%
fare
57%
indagando
56%
Indagando
56%
lo
56%
tuttora
56%
scoprire
53%
bambino
42%
perché
40%
può
31%
bel
29%
ormai
29%
tornato
29%
però
26%
adulto
24%
dichiararsi
22%
innamorato
22%
Perciò
22%
riporterà
22%
ritroverà
22%
forse
19%
così
18%
Caso
14%
caso
14%
risolve
13%
l'istinto
11%
l'istinto)
11%
seguendo
11%
(Seguendo
11%
Nessun quiz corrispondente trovato
Distribuzione punteggi
Percentuale di utenti per punteggio
Percentile per numero di risposta
I tuoi punteggi nel tempo
Non hai fatto questo quiz